000 00633nam a2200169 4500
001 2314
005 20181127164926.0
020 0 0 _a
090 0 0 _a336.5498 B2184r 2011
245 0 0 _aReport writing on banking in Bhutan /
_b
_cChandra Mongar, Dechen Yangchen, Dechen Wangmo, Dechen Zam, Jamyang Tshering, Jigme Choden.
_h
250 0 0 _a
260 0 0 _a[Thimphu] :
_b[Royal Thimphu College],
_c2011.
300 0 0 _a13 leaves.
500 _aStudent research project for BCOM 504: Financial market in Bhutan (Fall 2011); Bodhisattwa Choudhury, lecturer.
500 0 0 _aSpiral-bound xerographic copy.
650 0 0 _aBanks and banking --Bhutan.
_x
999 _c1842
_d1842